01047naa a22001937i 4500003000900000005001700009008004100026035001700067040002400084041000800108080001700116100011500133245019800248260001000446650001700456650002900473700015400502773019700656KOSZ 00520190610114327.0160308s2008 pl ||||| ||||0|| 0 pol  aPBN-R:251923 cKOSZ 005/mdaPBN-ID0 apol a621.791/.795 aKUKIEŁKA, Leon.d1996 - .bPolitechnika Koszalińska - Wydział Mechaniczny,cKatedra Inżynierii Produkcji10aAnaliza numeryczna wpływu odchyłek zarysu nierówności powierzchni po toczeniu na wybrane właściwości warstwy wierzchniej wyrobu nagniatanego /cLeon Kukiełka, Agnieszka Kułakowska. c2008. 0aNagniatanie. 0aInżynieria powierzchni aKUŁAKOWSKA, Agnieszka.d2006 - .bPolitechnika Koszalińska - Wydział Mechaniczny,cKatedra Mechaniki Technicznej i Wytrzymałości Materiałów08iW :tWspółczesne problemy w technologii obróbki przez nagniatanie. T. 2 / red. Włodzimierz Przybylski. -dGdańsk : Wydział Mechaniczny Politechniki Gdańskiej, 2008. -z9788388579325